|
|
|
|
| LEADER |
01313nam a2200337 a 4500 |
| 001 |
29305 |
| 003 |
BD-DhAAL |
| 005 |
20150526121806.0 |
| 008 |
150526s2007 nyua b 001 0 eng |
| 010 |
|
|
|a 2006020908
|
| 020 |
|
|
|a 9781565847859
|
| 020 |
|
|
|a 1565847857
|
| 020 |
|
|
|a 9781595583420 (pbk)
|
| 020 |
|
|
|a 9781595585639 (e-book)
|
| 035 |
|
|
|a (OCoLC)ocm70230642
|
| 035 |
|
|
|a (OCoLC)70230642
|z (OCoLC)71239363
|
| 040 |
|
|
|a DLC
|c DLC
|d BAKER
|d BTCTA
|d UKM
|d C#P
|d YDXCP
|d YDX
|d IXA
|d VP@
|d DLC
|d BD-DhAAL
|
| 050 |
0 |
0 |
|a D883
|b .P74 2007
|
| 082 |
0 |
0 |
|a 909.09724
|2 22
|
| 100 |
1 |
|
|a Prashad, Vijay.
|9 11445
|
| 245 |
1 |
4 |
|a The darker nations :
|b a people's history of the third world /
|c Vijay Prashad.
|
| 260 |
|
|
|a New York :
|b New Press :
|b Distributed by W.W. Norton,
|c c2007.
|
| 300 |
|
|
|a xix, 364 p. :
|b ill. ;
|c 25 cm.
|
| 490 |
|
0 |
|a A New Press people's history
|
| 504 |
|
|
|a Includes bibliographical references (p. [283]-347) and index.
|
| 541 |
|
|
|e 29305
|
| 651 |
|
0 |
|a Developing countries
|x History.
|9 11446
|
| 856 |
4 |
1 |
|3 Table of contents only
|u http://www.loc.gov/catdir/toc/ecip0616/2006020908.html
|
| 942 |
|
|
|2 ddc
|c BK
|
| 999 |
|
|
|c 34527
|d 34527
|
| 952 |
|
|
|0 0
|1 0
|2 ddc
|4 0
|6 909_097240000000000_PRA
|7 0
|9 53910
|a BRACUL
|b BRACUL
|c GEN
|d 2015-05-26
|l 1
|o 909.09724 PRA
|p 3010029305
|r 2024-06-27
|s 2024-06-04
|t 1
|w 2015-05-26
|y BK
|